000 00600nam a2200205Ia 4500
008 131103s9999 xx 000 0 und d
020 _a811204669
040 _aLoreto College
041 _aEnglish
082 _a861/NER
_bLCLIB/31001
100 _aNeruda,Pablo
245 _aResidence on earth; Residencia en lo tierra
_cPablo Neruda;translated by Donald D.Walsh
260 _aNew York
_bNew Directions Book
_c1958
300 _av.359 p.
_c 20 cm.
440 _aSome New Directions Paperbooks
650 _aSpanish Poetry
700 _aWalsh,Donald D.,tr.
850 _aLCLIB
942 _cBK
999 _c13793
_d64272